000 00731nam a2200265 a 4500
001 10903
003 CO-ViMGA
008 141112s2004 ck r 000 u spa d
020 _a997767261X
040 _aCO-ViMGA
_bspa
_cCO-ViMGA
082 0 4 _aCr861.6 Z65e
100 1 _aZonta, Jose MarĂ­a
_914949
245 1 0 _aLos Elefantes Estorban
250 _a1
260 _aSan Jose,
_cC.R.,
_cEd. de la Universidad de Costa Rica
300 _a91 p.
500 _aFecha : 1995
650 1 4 _aELEFANTES - POESIA
_914950
650 1 4 _aFELICIDAD - POESIA
_914951
650 1 4 _aMUJERES - POESIA
_914952
650 1 4 _aPOESIA AMOROSA
_92510
650 1 4 _aPOESIA COSTARRICENSE
_914953
650 1 4 _aVIDA - POESIA
_914954
942 _2ddc
_cBK
999 _c22123
_d22123